Flagi państw olimpijskich 1896 - Statystyki

Ogólne statystyki
  • Ten quiz został rozwiązany 66 razy
  • Średni wynik to 12 z 14
Statystyki odpowiedzi
Obrazkowy Odpowiedź % Poprawnych
Francja
95%
Stany Zjednoczone
93%
Wielka Brytania
93%
Szwajcaria
91%
Dania
89%
Bułgaria
86%
Chile
86%
Włochy
86%
Szwecja
81%
Węgry
81%
Niemcy
77%
Grecja
74%
Australia
63%
Austria
58%
Nie znaleziono quizów pasujących do podanych kryteriów
Rozkład punktacji
Procent ludzi z każdym wynikiem
Percentyl według liczby udzielonych odpowiedzi
Twoja historia wyników
Nie rozwiązałeś tego quizu